10 años de la declaración de Cartagena sobre refugiados: declaración de San José sobre refugiados y personas desplazadas 1994
I tiakina i:
| Kaituhi rangatōpū: | |
|---|---|
| Hōputu: | Pukapuka |
| Reo: | Pāniora |
| I whakaputaina: |
San José
Instituto Interamericano de Derechos Humanos
1994
|
| Ngā marau: | |
| Ngā Tūtohu: |
Tāpirihia he Tūtohu
Kāore He Tūtohu, Me noho koe te mea tuatahi ki te tūtohu i tēnei pūkete!
|
MARC
| LEADER | 00000nam a2200000 a 4500 | ||
|---|---|---|---|
| 001 | UCU4874 | ||
| 003 | CL-VaPUC | ||
| 008 | 960531e19940000CR |||||||||||||||||spa|d | ||
| 082 | 0 | 4 | |a 323 |b INS |2 21 |
| 110 | 2 | |a Instituto Interamericano de Derechos Humanos |e author |9 362584 | |
| 245 | 1 | 0 | |a 10 años de la declaración de Cartagena sobre refugiados: declaración de San José sobre refugiados y personas desplazadas 1994 |
| 300 | |a 477 p | ||
| 942 | |c BK | ||
| 945 | |d 19960531 00:00:00 |a rbrito | ||
| 260 | |a San José |b Instituto Interamericano de Derechos Humanos |c 1994 | ||
| 650 | 0 | |a Derechos humanos |9 223025 | |
| 650 | 0 | |a Derecho internacional |9 255637 | |
| 650 | 0 | |a Paz |9 259242 | |
| 650 | 7 | |a REFUGIADOS |2 CL-VaPUC |9 362585 | |
| 650 | 7 | |a DESFAVORECIDOS SOCIALES |2 CL-VaPUC |9 321791 | |
| 651 | 0 | |a América Latina |9 255027 | |
| 583 | |a last modification |c 19960531 00:00:00 |k Rodrigo Vera | ||
| 999 | |c 248403 |d 248401 | ||
| 952 | |0 0 |1 0 |4 0 |6 323_000000000000000_INS_1994 |7 0 |8 A |9 265009 |a BIBDER |b BIBDER |d 2019-11-19 |i 3205010 |o 323 INS 1994 |p 3205010 |r 2023-01-25 |w 2019-11-19 |y BK |k DER | ||